Normal view
MARC view
- Beethoven Ludwig Van
Entry Personal Name
001 - CONTROL NUMBER
- control field: 23218
003 - CONTROL NUMBER IDENTIFIER
- control field: IT-RoPau
005 - DATE AND TIME OF LATEST TRANSACTION
- control field: 20140430170526.0
008 - FIXED-LENGTH DATA ELEMENTS
- fixed length control field: 140430|| aca||aabn | a|a d
040 ## - CATALOGING SOURCE
- Original cataloging agency: IT-RoPau
- Transcribing agency: IT-RoPau
100 ## - HEADING--PERSONAL NAME
- Personal name: Beethoven Ludwig Van
- Dates associated with a name: Codice autore musica SPICS: 10721
- Relator term: Autore musica
- Name of part/section of a work: Sinfonia n. 9 (scherzo)
670 ## - SOURCE DATA FOUND
- Source citation: Work cat.: (IT-RoPau)99588: AA.VV. 794, Hits On Tv Spot (Lp Fm 13592)